[Event "17. Activity-Cup"]
[Site "Haus des Schachsports, 1020 Wi"]
[Date "2017.04.10"]
[Round "1.1"]
[White "Schwab, Harald"]
[Black "Georgiev, Daniel"]
[Result "0-1"]
[WhiteElo "979"]
[BlackElo "1509"]
[Annotator "Eröffnungstrick, Doppelangriff"]
[PlyCount "86"]
[EventDate "2017.04.10"]

1. e4 c5 2. Nc3 d6 3. Nf3 Nc6 4. Bc4 Nf6 5. O-O e6 6. d3 Be7 7. h3 O-O 8. Be3
$2 d5 $1 9. exd5 exd5 10. Bb5 d4 11. Bxc6 bxc6 12. Bxd4 cxd4 13. Ne4 Nxe4 14.
dxe4 c5 15. Ne5 Bb7 16. Re1 Bf6 17. Nc4 Ba6 18. Nd2 Re8 19. Nf3 Be5 20. Nxe5
Rxe5 21. a4 Qe7 22. Qf3 Re8 23. Ra3 Rxe4 24. Rxe4 Qxe4 25. Qxe4 Rxe4 26. Kh1
Re2 27. Rf3 Rxc2 28. b3 Bb7 29. Rd3 Rxf2 30. Rg3 Ba6 31. Kg1 Rf1+ 32. Kh2 d3
33. Re3 g6 34. Re8+ Kg7 35. Rd8 Rb1 36. a5 Rxb3 37. Rd6 Bb5 38. a6 c4 39. g3
Rb2+ 40. Kg1 d2 41. Kh1 Bc6+ 42. Kg1 Rb1+ 43. Kh2 Rh1# 0-1

[Event "17. Activity-Cup"]
[Site "Haus des Schachsports, 1020 Wi"]
[Date "2017.04.10"]
[Round "1.2"]
[White "Pavlov, Roman"]
[Black "Wickramasinghe, Aidan"]
[Result "1-0"]
[WhiteElo "1377"]
[BlackElo "973"]
[PlyCount "75"]
[EventDate "2017.04.10"]

1. e4 e5 2. Nf3 Nc6 3. Bb5 Nf6 4. O-O Nxe4 5. Re1 Nf6 6. Nxe5 Nxe5 7. d4 Be7 8.
dxe5 Ng8 9. Bf4 c6 10. Ba4 Nh6 11. Nc3 O-O 12. Qd3 b5 13. Bb3 a5 14. a3 a4 15.
Ba2 Qb6 16. Ne4 Ng4 17. Qg3 d5 18. exd6 Bd8 19. Rad1 Qa7 20. h3 Nf6 21. Nxf6+
Bxf6 22. Bh6 Kh8 23. Bg5 Bxb2 24. Re7 Qc5 25. d7 Bxd7 26. Rexd7 Qxc2 27. R7d2
Qc5 28. Rxb2 Rfe8 29. Bxf7 Re5 30. Qd3 h6 31. Be3 Qf8 32. Bg6 Rd5 33. Qe2 Rad8
34. Rbd2 Qxa3 35. Rxd5 cxd5 36. Qxb5 Rc8 37. Qxd5 Qb4 38. Qd8+ 1-0

[Event "17. Activity-Cup"]
[Site "Haus des Schachsports, 1020 Wi"]
[Date "2017.04.10"]
[Round "1.3"]
[White "Suleimanli, Muhammad"]
[Black "Wickramasinghe, Nathaniel"]
[Result "0-1"]
[WhiteElo "953"]
[BlackElo "1329"]
[PlyCount "64"]
[EventDate "2017.04.10"]

1. d4 Nf6 2. c4 g6 3. Nc3 Bg7 4. Nf3 d6 5. Bf4 O-O 6. e3 Nc6 7. d5 e5 8. Bxe5
Nxe5 9. Nxe5 dxe5 10. e4 c6 11. d6 Qd7 12. c5 b6 13. b4 Rd8 14. Bc4 b5 15. Bb3
a5 16. a3 axb4 17. axb4 Rxa1 18. Qxa1 Bb7 19. O-O Ra8 20. Qd1 Bh6 21. Qd3 Ra3
22. Rb1 Qg4 23. g3 Bc8 24. Kf1 Qh3+ 25. Ke2 Qg2 26. Rf1 Rxb3 27. h4 Rb2+ 28.
Ke1 Bd2+ 29. Ke2 Bg4+ 30. Qf3 Bxf3+ 31. Kd3 Qxf1+ 32. Ne2 Bxe2# 0-1

[Event "17. Activity-Cup"]
[Site "Haus des Schachsports, 1020 Wi"]
[Date "2017.04.10"]
[Round "1.4"]
[White "Beroev, Mikhail"]
[Black "Mandzhieva, Altana"]
[Result "1-0"]
[WhiteElo "1324"]
[BlackElo "882"]
[Annotator "Abtauschkombinationen"]
[PlyCount "87"]
[EventDate "2017.04.10"]

1. e4 e5 2. Nf3 Nc6 3. Bb5 d6 4. O-O Nf6 5. d3 Bd7 6. Bg5 a6 7. Ba4 b5 8. Bb3
Bg4 9. Nc3 Nd4 10. Nd5 Nxf3+ 11. gxf3 Bh3 12. Re1 Be7 13. f4 h6 14. Bxf6 Bxf6
15. f5 Bh4 16. Qf3 Qg5+ 17. Kh1 Bg4 18. Qg2 O-O-O 19. Ne3 h5 20. h3 Bxh3 21.
Qxg5 Bxg5 22. Bxf7 Rdf8 23. Be6+ Kd8 24. Rg1 Bxe3 25. fxe3 Rh7 26. Rg3 Bg4 27.
a4 g6 28. fxg6 Bf3+ 29. Kg1 $2 Rg7 30. axb5 Rf6 31. Bf5 axb5 32. Rxf3 c6 33.
Rh3 d5 34. exd5 cxd5 35. e4 dxe4 36. dxe4 Rd6 37. Rxh5 Rd2 38. Rh7 Rdd7 39.
Ra8+ Kc7 40. Ra7+ Kd6 41. Rxd7+ Rxd7 42. Rxd7+ Kc5 43. g7 b4 44. g8=Q 1-0

[Event "17. Activity-Cup"]
[Site "Haus des Schachsports, 1020 Wi"]
[Date "2017.04.10"]
[Round "1.5"]
[White "Ernst, Robert"]
[Black "Kaspar, Sebastian"]
[Result "0-1"]
[WhiteElo "867"]
[BlackElo "1316"]
[Annotator "Schwerfiguren, Endspiel, Doppelangriff"]
[PlyCount "82"]
[EventDate "2017.04.10"]

1. e4 c5 2. Bc4 d6 3. Nf3 Nf6 4. Nc3 Nc6 5. Ng5 e6 6. O-O h6 7. Nf3 Be7 8. b3
O-O 9. Bb2 a6 10. Be2 b5 11. d3 b4 12. Na4 Bb7 13. d4 cxd4 14. Nxd4 Nxe4 15.
Bf3 d5 16. Nxc6 Bxc6 17. Bxe4 dxe4 18. Qg4 Bf6 19. Rab1 Bxb2 20. Rxb2 Bxa4 21.
bxa4 f5 22. Qg3 a5 23. Qb3 Qd5 24. c4 bxc3 25. Qxc3 Rac8 26. Qe3 f4 27. Qa3 f3
28. Rb5 Qd8 29. g3 Rb8 30. Rfb1 Rxb5 31. axb5 Qb6 32. Qa4 Rd8 33. h4 Rd4 34.
Qc2 Kf7 35. Qc3 Rd5 36. a4 Qc5 37. Qxa5 $4 (37. Qxc5 Rxc5 38. b6 Rc8 39. g4 Rb8
40. Rb5 Ke7 41. Kh2 Kd7 42. Kg3 Kc6 43. Rxa5 Rxb6 44. Re5 Rb4 45. Rxe6+ $11)
37... Qc2 $4 (37... e3 $3 38. fxe3 (38. Kh2 e2 39. Qe1 Rd1 40. Rxd1 exd1=Q 41.
Qxd1 Qxf2+ {mit Matt}) 38... Qc2 {Doppelangriff: Turm oder Matt}) 38. Rf1 Rd1
39. Qa7+ Kg6 40. b6 Rxf1+ 41. Kxf1 Qd1# 0-1

[Event "17. Activity-Cup"]
[Site "Haus des Schachsports, 1020 Wi"]
[Date "2017.04.10"]
[Round "1.6"]
[White "Englisch, Tobias"]
[Black "Yushko, Andrey"]
[Result "1-0"]
[WhiteElo "1276"]
[BlackElo "855"]
[Annotator "Röntgendeckung"]
[PlyCount "99"]
[EventDate "2017.04.10"]

1. e4 c5 2. Nf3 e6 3. d4 cxd4 4. Nxd4 d6 5. Nc3 Nc6 6. Be2 e5 7. Nxc6 bxc6 8.
Be3 Nf6 9. Bf3 Be7 10. O-O Bd7 11. Ne2 O-O 12. Ng3 Rb8 13. b3 a6 14. Nf5 Bxf5
15. exf5 Qd7 16. Qd3 d5 17. Qxa6 Qxf5 18. Qxc6 Rbc8 19. Qb7 Rfe8 20. Bxd5 Rxc2
21. Bc6 Rc8 22. Bf3 R2c7 23. Qb5 h6 24. Bd4 Bc5 $1 25. Bxc5 Rxc5 26. Qe2 e4 $1
27. Bxe4 Nxe4 28. Qd3 Nf6 29. Qxf5 Rxf5 30. a4 Rb8 31. Rfb1 Nd5 32. a5 Nc3 33.
Rb2 Na4 $4 34. Rxa4 Ra8 35. a6 Rc8 36. h3 Rcc5 37. a7 Ra5 38. a8=Q+ Rxa8 39.
Rxa8+ Kh7 40. b4 g5 41. b5 h5 42. b6 g4 43. h4 Rf4 44. g3 Rc4 45. b7 Rc1+ 46.
Kg2 f5 47. b8=Q Rc3 48. Qb7+ Kg6 49. Ra6+ Rc6 50. Rxc6# 1-0

[Event "17. Activity-Cup"]
[Site "Haus des Schachsports, 1020 Wi"]
[Date "2017.04.10"]
[Round "1.7"]
[White "Schirmbeck, David"]
[Black "Bilyalov, Erol"]
[Result "0-1"]
[WhiteElo "845"]
[BlackElo "1270"]
[PlyCount "58"]
[EventDate "2017.04.10"]

1. e4 e5 2. Nf3 Nc6 3. Nc3 Nf6 4. Bc4 Bc5 5. O-O d6 6. d3 h6 7. Re1 Bg4 8. Be3
Nd4 9. Qd2 Bxf3 10. Bxd4 exd4 11. Nb5 Bh5 12. Rad1 a6 13. Na3 b5 14. Bb3 Bxd1
15. Rxd1 a5 16. Qf4 a4 17. Bxa4 Rxa4 18. b3 Rxa3 19. c4 Rxa2 20. e5 dxe5 21.
Qxe5+ Qe7 22. Qxe7+ Bxe7 23. Re1 O-O 24. cxb5 Bb4 25. Rd1 Re8 26. g3 Ree2 27.
Re1 Rxe1+ 28. Kg2 Ree2 29. Kf3 Rxf2# 0-1

[Event "17. Activity-Cup"]
[Site "Haus des Schachsports, 1020 Wi"]
[Date "2017.04.10"]
[Round "1.8"]
[White "Amtmann, Patrick"]
[Black "Beroev, Matvey"]
[Result "1-0"]
[WhiteElo "1198"]
[BlackElo "800"]
[PlyCount "25"]
[EventDate "2017.04.10"]

1. e4 e5 2. Nf3 Nc6 3. d4 Nf6 4. Nc3 Bb4 5. dxe5 Nxe5 6. Nxe5 Nxe4 7. Qf3 Qe7
8. Qxe4 Qe6 9. Bc4 Qb6 10. Bxf7+ Kf8 11. Qf3 Qa5 12. Bh5+ Kg8 13. Qf7# 1-0

[Event "17. Activity-Cup"]
[Site "Haus des Schachsports, 1020 Wi"]
[Date "2017.04.10"]
[Round "1.9"]
[White "Schirmbeck, Klara"]
[Black "Radnaev, Nomin"]
[Result "0-1"]
[WhiteElo "800"]
[BlackElo "1187"]
[PlyCount "60"]
[EventDate "2017.04.10"]

1. e4 e6 2. Nf3 d5 3. exd5 exd5 4. Nc3 Nf6 5. Be2 d4 6. Nb5 Nc6 7. d3 a6 8. Na3
Bxa3 9. bxa3 Be6 10. Bg5 h6 11. Bxf6 Qxf6 12. O-O O-O 13. Rb1 b6 14. h3 Bxa2
15. Ra1 Be6 16. Qd2 Qg6 17. Rfd1 Bxh3 18. Bf1 Bg4 19. Qe2 Rae8 20. Qd2 Bxf3 21.
Rdb1 Re5 22. Qf4 Rf5 23. Qd2 Rg5 24. Qxg5 Qxg5 25. Re1 Nd8 26. a4 Ne6 27. Reb1
Nf4 28. g3 Qh5 29. Bh3 Qxh3 30. gxf4 Qg2# 0-1

[Event "17. Activity-Cup"]
[Site "Haus des Schachsports, 1020 Wi"]
[Date "2017.04.10"]
[Round "2.1"]
[White "Georgiev, Daniel"]
[Black "Amtmann, Patrick"]
[Result "1-0"]
[WhiteElo "1509"]
[BlackElo "1198"]
[Annotator "Fesselung"]
[PlyCount "83"]
[EventDate "2017.04.10"]

1. e4 e6 2. d4 d5 3. Nc3 c5 $2 4. dxc5 Bxc5 5. exd5 exd5 6. Qxd5 Qe7+ 7. Be2
Nf6 8. Qd3 Bg4 9. Bg5 $1 O-O 10. Bxf6 gxf6 $4 11. O-O-O $2 (11. Qg3 h5 12. h3
Bd6 13. f4) 11... Bxe2 12. Ngxe2 Bxf2 13. Rhf1 Bh4 14. Nd5 Qe6 15. Nc7 $6 Qxa2
$1 16. Nxa8 $6 Bg5+ $1 17. Nf4 Qa1+ 18. Kd2 Qa5+ 19. Ke2 Qe5+ $2 {Besser war
hier Te8+} 20. Qe3 Qb5+ 21. Kf2 Qc6 22. Rfe1 b6 23. Qe4 Qc5+ 24. Kf1 Qb5+ 25.
Nd3 Na6 26. h4 Bh6 27. g4 Qd7 28. Ne5 Qb5+ 29. Nd3 Qd7 30. Qf3 Bg7 31. Nf4 Qb5+
32. Kg1 Qc5+ 33. Qf2 Qxf2+ 34. Kxf2 Rxa8 35. Re7 h6 36. Rdd7 Nc5 37. Rxa7 Rd8
38. Rxf7 Rd2+ 39. Ke3 Rd1 40. Rxg7+ Kf8 41. Ng6+ Ke8 42. Rg8# 1-0

[Event "17. Activity-Cup"]
[Site "Haus des Schachsports, 1020 Wi"]
[Date "2017.04.10"]
[Round "2.2"]
[White "Bilyalov, Erol"]
[Black "Pavlov, Roman"]
[Result "1-0"]
[WhiteElo "1270"]
[BlackElo "1377"]
[Annotator "Fesselung, Freibauern, Verteidiger ausschalte"]
[PlyCount "61"]
[EventDate "2017.04.10"]

1. e4 d5 2. exd5 Qxd5 3. Nc3 Qa5 4. Nf3 Bg4 5. Be2 Nf6 6. h3 Bh5 7. d4 e6 8.
Bg5 Bxf3 9. Bxf3 c6 10. Bxf6 gxf6 11. Qd3 Bg7 12. O-O O-O 13. Rae1 Nd7 14. Re4
f5 15. Re3 Rad8 16. Rd1 Qb4 17. Ne2 Bh6 18. Qb3 Qxb3 19. Rxb3 Nb6 20. Rdd3 Kg7
21. Ra3 Nc8 22. c4 Ne7 23. Rxa7 Rd7 24. b4 Rb8 25. b5 e5 26. Bxc6 $1 Rc7 27. d5
Nc8 28. d6 $3 Nxa7 29. dxc7 Rc8 30. Rd8 $1 bxc6 31. b6 $1 1-0

[Event "17. Activity-Cup"]
[Site "Haus des Schachsports, 1020 Wi"]
[Date "2017.04.10"]
[Round "2.3"]
[White "Wickramasinghe, Nathaniel"]
[Black "Kober, Stefan"]
[Result "1-0"]
[WhiteElo "1329"]
[BlackElo "1120"]
[Annotator "Ablenken des Verteidigers, Endspiel T gegen S"]
[PlyCount "101"]
[EventDate "2017.04.10"]

1. e4 e5 2. Nf3 Nc6 3. Bc4 Bc5 4. b4 Bxb4 5. c3 Bc5 6. d4 exd4 7. cxd4 Bb4+ 8.
Bd2 Bxd2+ 9. Qxd2 Qe7 10. Nc3 d6 11. O-O Nf6 12. h3 O-O 13. Rfe1 Nd7 14. Nd5
Qd8 15. Qg5 Qxg5 16. Nxg5 Nxd4 17. Rad1 Nc2 18. Re2 Na3 19. Ne7+ Kh8 20. Nxf7+
Rxf7 21. Bxf7 Ne5 22. Nxc8 Nxf7 23. Ne7 Re8 24. Nd5 c6 25. Ne3 Nb5 26. Rc1 Nd4
27. Rd2 c5 28. Nf5 Nxf5 29. exf5 Re5 30. g4 b6 31. Kf1 d5 32. Re1 d4 33. Rde2
Rxe2 34. Kxe2 g6 35. f6 Nd6 36. Kd3 h6 37. Re8+ $1 Nxe8 (37... Kh7 38. Re7+ Kg8
39. Rg7+ Kf8 40. Rxg6 $18) 38. f7 Ng7 39. f8=Q+ Kh7 40. Qb8 b5 41. Qxa7 b4 42.
Qxc5 b3 43. axb3 Ne6 44. Qe7+ Ng7 45. b4 Kg8 46. b5 g5 47. b6 Kh7 48. b7 Kg6
49. b8=Q h5 50. Qg8 h4 51. Qgxg7# 1-0

[Event "17. Activity-Cup"]
[Site "Haus des Schachsports, 1020 Wi"]
[Date "2017.04.10"]
[Round "2.4"]
[White "Radnaev, Nomin"]
[Black "Beroev, Mikhail"]
[Result "1-0"]
[WhiteElo "1187"]
[BlackElo "1324"]
[Annotator "Königsangriff, Zutrittsopfer"]
[PlyCount "49"]
[EventDate "2017.04.10"]

1. e4 c5 2. Nf3 e6 3. d4 cxd4 4. Nxd4 Nf6 5. Nc3 d6 6. Be3 Be7 7. Be2 O-O 8.
Qd2 a6 9. f3 Nbd7 10. h4 h6 11. g4 e5 12. Nf5 Nh7 13. O-O-O Ndf6 14. g5 hxg5
15. hxg5 Nd7 16. g6 fxg6 17. Bc4+ Kh8 18. Rxh7+ (18. Nxe7 Ndf6 (18... Qxe7 19.
Rxh7+ Kxh7 20. Qh2+ Qh4 21. Qxh4#) 19. Nxg6#) 18... Kxh7 19. Rh1+ Bh4 20. Rxh4+
Qxh4 21. Nxh4 Nf6 22. Qh2 b5 23. Bd5 Nxd5 24. Nxd5 Bb7 25. Ne7 1-0

[Event "17. Activity-Cup"]
[Site "Haus des Schachsports, 1020 Wi"]
[Date "2017.04.10"]
[Round "2.5"]
[White "Kaspar, Sebastian"]
[Black "Balint, Peter"]
[Result "1-0"]
[WhiteElo "1316"]
[BlackElo "1029"]
[Annotator "Entfesselung durch Gegenangriff"]
[PlyCount "65"]
[EventDate "2017.04.10"]

1. d4 d5 2. c4 e6 3. Nc3 Nf6 4. e3 Bb4 5. a3 Be7 6. Bd2 O-O 7. c5 Ne4 8. Nf3
Nxc3 9. Bxc3 Nc6 10. b4 Bf6 11. b5 Ne7 12. a4 b6 13. c6 a5 14. Bd3 Re8 15. Qc2
g6 16. O-O Qd6 17. Bb2 Qd8 18. Kh1 Nf5 19. g3 Ra7 20. Ba3 Be7 21. Bxe7 Rxe7 22.
Ne5 f6 23. Nf3 Qd6 24. Rfd1 e5 25. dxe5 fxe5 26. Bc4 Be6 27. Qb3 $4 {die Idee
stimmt schon, aber sie musste mit Da2 verwirklicht werden!} Qb4 $2 (27... dxc4
28. Rxd6 cxb3 {und Weiß hat eine Figur verloren!}) 28. Qxb4 dxc4 $4 29. Qc3
Ra8 30. Nxe5 Ra7 31. Rd8+ Kg7 32. Ng4+ Kf7 33. Qf6# 1-0

[Event "17. Activity-Cup"]
[Site "Haus des Schachsports, 1020 Wi"]
[Date "2017.04.10"]
[Round "2.6"]
[White "Sölkner, Julian"]
[Black "Englisch, Tobias"]
[Result "0-1"]
[WhiteElo "1109"]
[BlackElo "1276"]
[PlyCount "66"]
[EventDate "2017.04.10"]

1. e4 e5 2. Nf3 Nc6 3. Nc3 Nf6 4. Bc4 Nxe4 5. d3 Nxc3 6. bxc3 d5 7. Bb5 Bd6 8.
O-O O-O 9. h3 a6 10. Bxc6 bxc6 11. Re1 Re8 12. d4 e4 13. Ne5 Bxe5 14. dxe5 Rxe5
15. f3 Bf5 16. Qd4 Re6 17. Bb2 Qg5 18. g4 Rae8 19. f4 Qg6 20. c4 Rf6 21. Qc5
Rfe6 22. Qd4 f6 23. cxd5 cxd5 24. Qxd5 Bxg4 25. hxg4 Qxg4+ 26. Kh1 Kh8 27. Re3
f5 28. Bxg7+ Qxg7 29. Qxf5 Rf6 30. Qg5 Rh6+ 31. Kg2 Rg6 32. Rg3 Rxg5 33. Rxg5
Qxa1 0-1

[Event "17. Activity-Cup"]
[Site "Haus des Schachsports, 1020 Wi"]
[Date "2017.04.10"]
[Round "2.7"]
[White "Karapetian, Vahagn"]
[Black "Andorfer, Nicolai"]
[Result "1-0"]
[WhiteElo "1009"]
[BlackElo "984"]
[PlyCount "61"]
[EventDate "2017.04.10"]

1. d4 e6 2. c4 d6 3. Nc3 Nc6 4. Nf3 Nf6 5. Bg5 Be7 6. e3 d5 7. Bd3 O-O 8. O-O
Bd7 9. Qc2 Na5 10. b3 c6 11. Ne5 Bd6 12. Nxd7 Bc7 13. Nxf8 Qd6 14. g3 Rxf8 15.
Bf4 Qd7 16. Bxc7 Qxc7 17. b4 Nxc4 18. Bxc4 dxc4 19. b5 c5 20. Na4 b6 21. Qxc4
Qd6 22. dxc5 bxc5 23. Nxc5 e5 24. Rfd1 Qe7 25. a4 h5 26. a5 Ng4 27. h3 Nf6 28.
a6 Rc8 29. Rdc1 Rc7 30. b6 axb6 31. a7 1-0

[Event "17. Activity-Cup"]
[Site "Haus des Schachsports, 1020 Wi"]
[Date "2017.04.10"]
[Round "2.9"]
[White "Wickramasinghe, Aidan"]
[Black "Schirmbeck, Klara"]
[Result "1-0"]
[WhiteElo "973"]
[BlackElo "800"]
[PlyCount "81"]
[EventDate "2017.04.10"]

1. e4 c5 2. Bc4 Nf6 3. Qf3 d6 4. g4 g6 5. g5 Ng8 6. Qxf7+ Kd7 7. Qe6+ Ke8 8.
Qf7+ Kd7 9. Be6+ Kc7 10. Nc3 Bxe6 11. Qxe6 Nc6 12. Nb5+ Kb8 13. Qb3 Bg7 14. d3
e5 15. Nf3 Nge7 16. Nd2 Rf8 17. Nc4 d5 18. Nbd6 Qd7 19. Be3 dxc4 20. Qxc4 b6
21. Nb5 Nb4 22. Na3 Qg4 23. h3 Qf3 24. Rg1 Qxh3 25. O-O-O Nbc6 26. c3 Na5 27.
Rh1 Qd7 28. Qb5 Nec6 29. Rxh7 Rh8 30. Rxh8+ Bxh8 31. b4 Nb7 32. f4 exf4 33.
Bxf4+ Kc8 34. Rh1 Bxc3 35. Nc4 Qxd3 36. Qxc6+ Kd8 37. Rd1 Qxd1+ 38. Kxd1 Rb8
39. Bxb8 cxb4 40. Nd6 Na5 41. Qc7# 1-0

[Event "17. Activity-Cup"]
[Site "Haus des Schachsports, 1020 Wi"]
[Date "2017.04.10"]
[Round "2.10"]
[White "Beroev, Matvey"]
[Black "Suleimanli, Muhammad"]
[Result "0-1"]
[WhiteElo "800"]
[BlackElo "953"]
[PlyCount "22"]
[EventDate "2017.04.10"]

1. e4 e5 2. Nf3 Nc6 3. Nc3 Nf6 4. Bb5 Bb4 5. Bxc6 Bxc3 6. Bxd7+ Bxd7 7. dxc3
Bg4 8. h3 Qxd1+ 9. Kxd1 Rd8+ 10. Ke1 Bxf3 11. Kf1 Rd1# 0-1

[Event "17. Activity-Cup"]
[Site "Haus des Schachsports, 1020 Wi"]
[Date "2017.04.11"]
[Round "3.1"]
[White "Englisch, Tobias"]
[Black "Georgiev, Daniel"]
[Result "0-1"]
[WhiteElo "1276"]
[BlackElo "1509"]
[Annotator "Fesselungen, Ausschalten der Verteidigung"]
[PlyCount "96"]
[EventDate "2017.04.10"]

1. e4 c5 2. Nf3 d6 3. Bc4 Nc6 4. d3 Nf6 5. Nc3 e6 6. Bg5 h6 7. Bxf6 Qxf6 8. O-O
Be7 9. Re1 O-O 10. Qd2 a6 11. Qe3 b5 12. Bb3 Nd4 13. Kh1 Nxf3 14. Qxf3 Qxf3 15.
gxf3 Bb7 16. a3 Rfd8 17. Rg1 Bf6 18. Rg3 Rac8 19. Rag1 d5 20. f4 dxe4 21. Nxe4
Bxe4+ $6 (21... c4 $3 22. Ba2 cxd3 23. cxd3 Rxd3 $1 24. f3 Bxb2 $1 25. Bb1 Rdd8
) 22. dxe4 Bxb2 23. c3 g6 24. f5 c4 25. Bc2 Bxa3 26. fxe6 Bf8 $6 27. exf7+ Kxf7
28. Rxg6 Rd6 $2 29. Rxd6 (29. e5 $1 Rxg6 30. Rxg6 $11) 29... Bxd6 30. Rd1 (30.
f4 $1 $11) 30... Be5 31. Rd7+ Ke6 32. Ra7 Rc6 33. Rh7 Bxc3 34. Rxh6+ Kd7 35.
Rh3 b4 36. Ba4 {Der Qualitätsverlust ist angesichts der Freibauern belanglos,
aber es musste unbedingt nun 36. ...Kc7 folgen, sonst geht der Turm ersatzlos
verloren.} Be5 $4 37. Bxc6+ $4 (37. Rh6 Bd6 38. e5 Ke7 39. Bxc6 Bxe5 40. Rh4 b3
41. Rxc4 b2 42. Be4 $18) 37... Kxc6 {Nun ist Weiß machtlos gegen die
Freibauern.} 38. Re3 b3 39. f4 Bd4 40. Re1 b2 41. e5 Bxe5 42. fxe5 Kd7 43. e6+
Ke7 44. h4 c3 45. h5 c2 46. h6 c1=Q 47. Rxc1 bxc1=Q+ 48. Kg2 Qxh6 0-1

[Event "17. Activity-Cup"]
[Site "Haus des Schachsports, 1020 Wi"]
[Date "2017.04.11"]
[Round "3.2"]
[White "Bilyalov, Erol"]
[Black "Wickramasinghe, Nathaniel"]
[Result "1-0"]
[WhiteElo "1270"]
[BlackElo "1329"]
[Annotator "Eröffnungsfalle, Damenfangmotiv"]
[PlyCount "95"]
[EventDate "2017.04.10"]

1. e4 e5 2. Nf3 Nc6 3. Bc4 Nf6 4. Ng5 d5 5. exd5 Na5 6. Bb5+ c6 7. dxc6 bxc6 8.
Ba4 h6 9. Nf3 e4 10. Qe2 Be7 11. Ne5 Bd6 $2 12. Nxc6 Nxc6 ({Schwarz kann eine
Falle stellen:} 12... Qd7 $1 13. Qb5 Nxc6 14. Qxc6 O-O $1 15. Qxa8 Qxa4 16. O-O
$4 (16. d3 Bd7 17. Qb7 Rb8 18. Nc3 Qa5 {und die Dame ist gefangen!}) 16... Qd7
{und danach La6 mit Damenfang!}) 13. Bxc6+ Bd7 14. Bxa8 Qxa8 15. d3 O-O 16. O-O
exd3 17. Qxd3 Bc7 18. Nd2 Bc6 19. Nf3 Ng4 20. h3 Bxf3 21. Qxf3 Qxf3 22. gxf3
Nh2 23. Rd1 Nxf3+ 24. Kg2 Nh4+ 25. Kf1 Ng6 26. Rd7 Bb6 27. Be3 Rb8 28. b3 a6
29. Rd6 Bxe3 30. fxe3 Re8 31. Kf2 Ra8 32. Rad1 Kh7 33. Rd8 Ra7 34. R1d7 Rxd7
35. Rxd7 Ne5 36. Ra7 Nc6 37. Rxa6 Nb4 38. Ra7 Nxc2 39. Rxf7 Nb4 40. a4 Kg6 41.
Rb7 Nd5 42. a5 Kf6 43. a6 Ke6 44. a7 Nb6 45. Rxb6+ Kd7 46. a8=Q Kc7 47. Qa7+
Kc8 48. Rb8# 1-0

[Event "17. Activity-Cup"]
[Site "Haus des Schachsports, 1020 Wi"]
[Date "2017.04.11"]
[Round "3.3"]
[White "Karapetian, Vahagn"]
[Black "Kaspar, Sebastian"]
[Result "0-1"]
[WhiteElo "1009"]
[BlackElo "1316"]
[Annotator "Abzug"]
[PlyCount "56"]
[EventDate "2017.04.10"]

1. d4 d5 2. c4 c6 3. Nc3 Bf5 4. Nf3 e6 5. Bf4 Bb4 6. Qc1 Nf6 7. e3 Ne4 8. Rb1
Nxc3 9. bxc3 Bxb1 10. Qxb1 Bxc3+ 11. Nd2 Qb6 12. Qxb6 axb6 13. a3 Bxd2+ 14.
Kxd2 O-O 15. Bd3 Rxa3 16. Bd6 Ra2+ 17. Kc3 Rd8 18. Bc7 Rc8 19. Bxb8 Rxb8 20.
Rb1 Rxf2 21. Rxb6 Rxg2 22. cxd5 exd5 23. Ba6 Ra2 24. Bxb7 Ra7 25. Rxc6 Raxb7
26. Kd3 g6 27. e4 Rb3+ 28. Kc2 dxe4 0-1

[Event "17. Activity-Cup"]
[Site "Haus des Schachsports, 1020 Wi"]
[Date "2017.04.11"]
[Round "3.4"]
[White "Pavlov, Roman"]
[Black "Radnaev, Nomin"]
[Result "0-1"]
[WhiteElo "1377"]
[BlackElo "1187"]
[Annotator "Doppelangriff, Ablenken des Verteidigers"]
[PlyCount "90"]
[EventDate "2017.04.10"]

1. e4 e6 2. d4 d5 3. exd5 exd5 4. Nf3 Nf6 5. Bg5 Bg4 6. Nc3 Be7 7. Be2 Nbd7 8.
O-O O-O 9. Re1 Re8 10. h3 Bh5 11. Bd3 h6 12. Bh4 c6 13. a3 b5 14. b4 a5 15. Na2
Nb6 16. c3 Nc4 17. Bxc4 dxc4 18. g4 Bg6 19. Ne5 Qc7 20. Bg3 Bd6 21. f3 Bxe5 22.
dxe5 Qb6+ $2 23. Kg2 $2 Nd5 24. Bf2 Qc7 25. Bg3 Qe7 26. Qd2 Rad8 27. Qf2 axb4
28. Nxb4 Nxb4 29. axb4 Rd3 30. Ra7 Rd2 31. Rxe7 Rxf2+ 32. Bxf2 Rxe7 33. Bc5 Rd7
34. Bd4 Re7 35. Bc5 Re8 36. Kf2 Bd3 37. Re3 Ra8 38. f4 Ra2+ 39. Kf3 Rh2 40. Kg3
Rc2 41. Bd4 Bf1 42. Bc5 Rg2+ 43. Kh4 Kh7 44. Rg3 $4 g5+ 45. fxg5 hxg5+ 0-1

[Event "17. Activity-Cup"]
[Site "Haus des Schachsports, 1020 Wi"]
[Date "2017.04.11"]
[Round "3.5"]
[White "Beroev, Mikhail"]
[Black "Schwab, Harald"]
[Result "0-1"]
[WhiteElo "1324"]
[BlackElo "979"]
[Annotator "Fesselung, Zutritt, Zwischenzug"]
[PlyCount "42"]
[EventDate "2017.04.10"]

1. e4 e5 2. Nf3 Nc6 3. Bb5 Bc5 4. O-O Nf6 5. d3 h6 6. Bxc6 dxc6 7. Nxe5 O-O 8.
Nc3 Bd4 9. Nf3 Bg4 10. h3 Bh5 11. Bd2 Qc8 12. g4 Nxg4 $2 13. hxg4 $2 (13. Nxd4
$1 Nf6 14. f3 Qxh3 15. Qe2) 13... Qxg4+ 14. Kh1 $4 Qh3+ $1 15. Kg1 Bxf3 16.
Qxf3 Qxf3 17. Rae1 Rae8 18. Nd1 Re6 19. c3 Rg6+ 20. Bg5 Rxg5+ 21. Kh2 Qg2# 0-1

[Event "17. Activity-Cup"]
[Site "Haus des Schachsports, 1020 Wi"]
[Date "2017.04.11"]
[Round "3.6"]
[White "Amtmann, Patrick"]
[Black "Wickramasinghe, Aidan"]
[Result "1-0"]
[WhiteElo "1198"]
[BlackElo "973"]
[Annotator "Doppelangriff"]
[PlyCount "31"]
[EventDate "2017.04.10"]

1. e4 e5 2. Nf3 Nc6 3. d4 Nf6 4. Nc3 Bb4 5. dxe5 Bxc3+ 6. bxc3 Nxe4 7. Bb2 Qe7
8. Bd3 Ng5 9. c4 d6 10. O-O Nxf3+ 11. Qxf3 Nxe5 12. Bxe5 dxe5 13. Rfe1 O-O 14.
Qe4 Re8 15. Qxh7+ Kf8 16. Qh8# 1-0

[Event "17. Activity-Cup"]
[Site "Haus des Schachsports, 1020 Wi"]
[Date "2017.04.11"]
[Round "3.7"]
[White "Kober, Stefan"]
[Black "Suleimanli, Muhammad"]
[Result "1-0"]
[WhiteElo "1120"]
[BlackElo "953"]
[Annotator "Mobilität"]
[PlyCount "67"]
[EventDate "2017.04.10"]

1. e4 e5 2. Nf3 Nc6 3. Bc4 h6 4. Nc3 Nf6 5. O-O Bc5 6. d3 Nd4 7. Nxe5 O-O 8.
Bxf7+ Rxf7 9. Nxf7 Kxf7 10. Be3 d6 11. h3 c6 12. Bxd4 Bxd4 13. Qd2 b5 14. a3
Rb8 15. b4 a5 16. Rab1 axb4 17. axb4 Ra8 18. Ne2 Bb6 19. Ra1 Rxa1 20. Rxa1 Be6
21. Nf4 Bd4 22. Nxe6 Kxe6 23. c3 Be5 24. Qa2+ $2 d5 25. exd5+ Nxd5 26. d4 Bf6
27. Re1+ Kd6 28. Qb3 Qf8 29. c4 bxc4 30. Qxc4 Bh4 31. Qc5+ Kd7 32. Qxf8 Bg5 33.
Qf7+ Kc8 34. Re8+ 1-0

[Event "17. Activity-Cup"]
[Site "Haus des Schachsports, 1020 Wi"]
[Date "2017.04.11"]
[Round "3.8"]
[White "Ernst, Robert"]
[Black "Sölkner, Julian"]
[Result "0-1"]
[WhiteElo "867"]
[BlackElo "1109"]
[Annotator "Mobilität"]
[PlyCount "114"]
[EventDate "2017.04.10"]

1. g3 e5 2. Bg2 Nf6 3. b3 Nc6 4. Bb2 Bc5 5. Nc3 Ng4 6. e3 d6 7. Bh3 Nf6 8. Bxc8
Qxc8 9. Nge2 O-O 10. O-O Qh3 11. f3 Rfe8 12. d4 Bb6 13. Kh1 Rad8 14. Ng1 Qh6
15. Qe2 exd4 16. Nd1 dxe3 17. Re1 Re6 18. f4 Nd4 19. Qd3 Qg6 20. Qxg6 hxg6 21.
Nxe3 Rxe3 22. Rec1 Re1 23. Rxe1 Nxc2 24. Rac1 Nxe1 25. Rxe1 Bxg1 26. Kxg1 c5
27. Re7 Rb8 28. Kf2 Kf8 29. Bxf6 gxf6 30. Rd7 Ke8 31. Rxd6 Rd8 32. Rxf6 $4 Rd2+
$2 33. Ke3 Rxa2 34. h4 Ra3 35. Ke4 Rxb3 36. g4 Rh3 37. f5 gxf5+ 38. Rxf5 Rxh4
39. Kf4 c4 40. Rh5 Rxh5 41. gxh5 c3 42. Ke3 c2 43. Kd2 c1=Q+ 44. Kxc1 Kf8 45.
Kc2 Kg7 46. Kc3 Kh6 47. Kc4 Kxh5 48. Kc5 f5 49. Kd4 a5 50. Ke3 Kg4 51. Kf2 a4
52. Kg2 a3 53. Kg1 a2 54. Kf2 a1=Q 55. Kg2 Qb2+ 56. Kf1 Kf3 57. Ke1 Qe2# 0-1